000 01033nam a2200253 a 4500
001 BRCA_44
005 20190320202846.0
008 910925s2003----mx-ab#####---f000-0#spa-#
020 _a9682324556
041 _aspa
044 _amx
050 4 _aQ115
_b.H96 2003
100 1 _aHumboldt, Alexander von
_c1769-1859
_9199
245 1 0 _aAtlas geográfico y físico del reino de la Nueva España
_cAlexander von Humboldt ; coordinadores Charles Minguet y Jaime Labastida ; asesor artístico Jean-Paul Duviols ; introducción Elías Trabulse.
260 _aMéxico
_bSiglo XXI
_c2003
300 _a149 p.
_bil. (principalmente a color), mapas
_c35 cm.
500 _aTraducción de : Atlas géographyque et physique du royaume de la nouvelle-espagne
500 _aDonado por el Dr. Jaime Labastida Ochoa representante de la Academia Mexicana de la Lengua, 19-diciembre-2018
650 1 4 _aMapas
_zMéxico
_9200
700 1 _aMinguet, Charles
_9201
700 1 _aLabastida, Jaime
_9202
700 1 _aDuviols, Jean-Paul
_9203
942 _2lcc
_cB
999 _c44
_d44